Statistiken für Tabellenendstand der Bundesligasaison 2022/2023

Klicken Sie hier um das Quiz zu spielen!

Allgemein

  • Dieses Quiz wurde 277 mal gespielt
  • Das Durchschnittsergebnis liegt bei 16 aus 18

Antwortstatistiken

PunkteVerein% Korrekt
171FC Bayern München
100%
271Borussia Dortmund
99%
366RB Leipzig
97%
4621. FC Union Berlin
94%
559SC Freiburg
93%
650Bayer 04 Leverkusen
92%
750Eintracht Frankfurt
90%
1731FC Schalke 04
90%
1829Hertha BSC
88%
1633VfB Stuttgart
88%
9461. FSV Mainz 05
84%
849VfL Wolfsburg
84%
1435VfL Bochum
82%
11421. FC Köln
81%
1534FC Augsburg
81%
1236TSG Hoffenheim
81%
1043Borussia Mönchengladbach
78%
1336Werder Bremen
78%

Verteilung der Resultate

Perzentil nach korrekt beantworteten Fragen

Anzahl Personen mit jedem Resultat

Ihre Resultats-Entwicklung

Sie haben dieses Quiz noch nicht gespielt